Rahmat Ki Rot / (Record no. 525286)

000 -LEADER
fixed length control field 00456nam a22001697a 4500
003 - CONTROL NUMBER IDENTIFIER
control field NUST
038 ## - RECORD CONTENT LICENSOR
Staff Name waseem
082 ## - DEWEY DECIMAL CLASSIFICATION NUMBER
Classification number 891.491101
Author Mark HUS
100 ## - MAIN ENTRY--PERSONAL NAME
Personal name Hussain, Rana Fazal
9 (RLIN) 16025
245 ## - TITLE STATEMENT
Title Rahmat Ki Rot /
Statement of responsibility, etc. Rana Fazal Hussain
260 ## - PUBLICATION, DISTRIBUTION, ETC.
Place of publication, distribution, etc. Rawalpindi :
Name of publisher, distributor, etc. Faiz-ul-Islam,
Date of publication, distribution, etc. 2010.
300 ## - PHYSICAL DESCRIPTION
Extent 160 p. ;
500 ## - GENERAL NOTE
General note Hardcover.
880 ## - ALTERNATE GRAPHIC REPRESENTATION
Linkage 100-01\r
Title رانا فضل حسین
880 ## - ALTERNATE GRAPHIC REPRESENTATION
Linkage 245-02\r
Title رحمتاں کی رُت /
942 ## - ADDED ENTRY ELEMENTS (KOHA)
Source of classification or shelving scheme
Koha item type Book
Holdings
Withdrawn status Lost status Source of classification or shelving scheme Damaged status Not for loan Permanent Location Current Location Shelving location Date acquired Total Checkouts Full call number Barcode Date last seen Price effective from Koha item type
          Central Library (CL) Central Library (CL) Punjabi Literature 06/30/2019   891.491101 HUS CL-E-874 06/30/2019 06/30/2019 Book
© 2023 Central Library, National University of Sciences and Technology. All Rights Reserved.